[Event "IECC TH-M-3114"]
[Site "IECC email"]
[Date "2017.02.01"]
[Round "?"]
[White "Wittal, Werner"]
[Black "Holanda, Dogeval Ferreira"]
[Result "1-0"]
[WhiteElo "2133"]
[BlackElo "2153"]
[PlyCount "105"]
[EventDate "2017.??.??"]
[EventType "tourn (corr)"]
[SourceTitle "Corr 2020"]
[Source "ChessBase"]
[SourceDate "2019.09.30"]
[SourceVersion "1"]
[SourceVersionDate "2019.09.30"]
[SourceQuality "1"]
[WhiteTeam "Germany"]
[BlackTeam "Brazil"]
[WhiteTeamCountry "GER"]
[BlackTeamCountry "BRA"]

1. e4 d5 2. exd5 Nf6 3. Nf3 Nxd5 4. d4 e6 5. c4 Bb4+ 6. Bd2 Bxd2+ 7. Qxd2 Nf6 8. Nc3 b6 9. 0-0-0 0-0 10. Rg1 Bb7 11. Qe3 Nbd7 12. g4 Qe7 13. Bd3 g6 14. Kb1 Rfe8 15. g5 Nh5 16. Be4 Bxe4+ 17. Qxe4 c5 18. Nb5 Rf8 19. d5 a6 20. d6 Qd8 21. Nc7 Ra7 22. h4 Qb8 23. Nh2 Qb7 24. Qc2 Ng7 25. Ng4 Kh8 26. Rge1 Qf3 27. Nh6 Nf5 28. Nxf5 Qxf5 29. Qxf5 gxf5 30. b3 Rg8 31. Kb2 Nb8 32. h5 Nc6 33. f4 a5 34. Rd3 Rb7 35. Red1 Kg7 36. R3d2 Nd4 37. Ka3 h6 38. gxh6+ Kxh6 39. Ka4 Nf3 40. Rd3 Nd4 41. Nb5 Ne2 42. R3d2 Nxf4 43. d7 Rd8 44. Nd6 Rbxd7 45. Nxf5+ exf5 46. Rxd7 Rxd7 47. Rxd7 Ne2 48. Kb5 Kxh5 49. Rxf7 Kg6 50. Rf8 f4 51. Kxb6 Kg7 52. Rd8 Nc3 53. a4 1-0

[Event "IECC TH-M-3097"]
[Site "IECC email"]
[Date "2017.01.10"]
[Round "?"]
[White "Kamanel Zamora, Juan Felipe"]
[Black "Holanda, Dogeval Ferreira"]
[Result "1/2-1/2"]
[WhiteElo "2243"]
[BlackElo "2150"]
[PlyCount "39"]
[EventDate "2017.??.??"]
[EventType "tourn (corr)"]
[SourceTitle "Corr 2020"]
[Source "ChessBase"]
[SourceDate "2019.09.30"]
[SourceVersion "1"]
[SourceVersionDate "2019.09.30"]
[SourceQuality "1"]
[WhiteTeam "Cuba"]
[BlackTeam "Brazil"]
[WhiteTeamCountry "CUB"]
[BlackTeamCountry "BRA"]

1. Nf3 d5 2. c4 d4 3. g3 c5 4. b4 cxb4 5. a3 bxa3 6. Bxa3 Nc6 7. Bg2 e5 8. Qa4 Bd7 9. Bxf8 Kxf8 10. 0-0 g6 11. Qb5 Qc7 12. Na3 Kg7 13. Qc5 Nge7 14. Nb5 Qb6 15. Qa3 Nf5 16. Rfb1 Qd8 17. d3 a5 18. Nd6 Nxd6 19. Qxd6 Bc8 20. Qxd8 1/2-1/2